| 000 -ლიდერი |
| ფიქსირებული სიგრძის საკონტროლო ველი |
01232nam a2200253Ia 4500 |
| 001 - საკონტროლო ნომერი |
| საკონტროლო ველი |
3620 |
| 003 - საკონტროლო ნომრის იდენტიფიკატორი |
| საკონტროლო ველი |
GE_BSU |
| 005 - ბოლო ოპერაციის თარიღი და დრო |
| საკონტროლო ველი |
20190603150735.0 |
| 008 - ფიქსირებული სიგრძის მონაცემთა ელემენტები - ზოგადი ინფორმაცია |
| ფიქსირებული სიგრძის საკონტროლო ველი |
181216s1986||||ge |||||||||||||| ||geo|| |
| 040 ## - კატალოგიზაციის წყარო |
| Transcribing agency |
GE_BSU |
| 041 ## - ენის კოდი |
| Language code of text/sound track or separate title |
geo |
| 080 ## - უნივერსალური ათობითი კლასიფიკაციის ინდექსი |
| Universal Decimal Classification number |
621.01 გ–59 |
| 100 ## - მთავარი ჩანაწერი - პიროვნების სახელი |
| Personal name |
გოგილაშვილი, ვ. |
| 9 (RLIN) |
1974 |
| 245 ## - ცნობა სათაურის შესახებ |
| Title |
მექანიზმების რხევები, გაწონასწორება და ვიბროდაცვა : ლექციების კონსპექტი / |
| Statement of responsibility, etc |
ვ.გოგილაშვილი ; ნ. კივილაძე ; ი. პაპალაშვილი ; რედ : ე. გიორგაძე . |
| 264 ## - წარმოების, გამოცემის, დისტრიბუციის და სხვა ცნობები |
| გამოცემის, წარმოების, დისტრიბუციის... ადგილი |
თბილისი : |
| გამოცემის, წარმოების, დისტრიბუციის... სახელწოდება |
სპი, |
| გამოცემის, წარმოების, დისტრიბუციის... თარიღი |
1986. |
| 300 ## - ფიზიკური აღწერა |
| Extent |
42 გვ .: |
| Other physical details |
ილ; |
| Dimensions |
20 სმ. |
| 504 ## - BIBLIOGRAPHY, ETC. NOTE |
| Bibliography, etc |
ბიბლიოგრ.:გვ.40 |
| 653 ## - INDEX TERM--UNCONTROLLED |
| Uncontrolled term |
გაწონასწორება და ვიბროდაცვა |
| 653 ## - INDEX TERM--UNCONTROLLED |
| Uncontrolled term |
მექანიზმების რხევები |
| 700 ## - ADDED ENTRY--PERSONAL NAME |
| Personal name |
კივილაძე, ნ |
| 9 (RLIN) |
1975 |
| 700 ## - ADDED ENTRY--PERSONAL NAME |
| Personal name |
პაპალაშვილი, ი |
| 9 (RLIN) |
1976 |
| 700 ## - ADDED ENTRY--PERSONAL NAME |
| Personal name |
გიორგაძე, ე |
| Relator term |
რედაქტორი |
| 9 (RLIN) |
398 |
| 942 ## - ADDED ENTRY ELEMENTS (KOHA) |
| Koha item type |
წიგნი |
| Source of classification or shelving scheme |
|